000 00596nam a22001577a 4500
003 OSt
005 20151119100643.0
008 151119b xxu||||| |||| 00| 0 eng d
040 _cRUA
082 _aFIS លូ 1995 B158 Or.1
100 _93909
_aលូ លីឃីម
245 _aការចិញ្ចឹមបង្គាបែបប្រពលវប្បកម្មនៅស្រុកស្មាច់មានជ័យខេត្តកោះកុងឆ្នាំ ១៩៩៥ ១៩៩៦
260 _aPhnom Penh
_bURA
_c1995
300 _a74p.
_bill.
_c29cm.
942 _2ddc
_cFIS
999 _c3634
_d3634